000
00262nam a2200109Ia 4500
008
200302s9999 xx 000 0 und d
100
_a
Henri Stierlin
245
_a
Encyclopedia of World Architecture
260
_b
Evergreen Ltd.
260
_c
1977
300
_a
493 P.,
999
_c
918
_d
918